000
00199 a2200097 4500
001
1975
100
_a
Yates.PL
245
_a
Food, land and manpower
260
_a
_b
Macmillan
_c
090
_c
1465
_d
1465
942
_a
NUST-CAE
_c
M
_c
5169
999
_c
237048
_d
237048